Tvorba predpokladov pre zvýšenie konkurenčnej schopnosti slovenskej ekonomiky bakalárska práca

Na minha lista:
Detalhes bibliográficos
Autor principal: Repelová, Zuzana
Autor Corporativo: Národohospodárska fakulta EU. Katedra hospodárskej politiky
Outros Autores: Holková, Vieroslava
Formato: Livro
Idioma:eslovaco
Publicado em: Bratislava 2009
Tags: Adicionar Tag
Sem tags, seja o primeiro a adicionar uma tag!

MARC

LEADER 00000nam$a2200000$$$4500
001 0099079
005 20240319123915.3
041 0 |a slo 
044 |a SK 
245 1 0 |a Tvorba predpokladov pre zvýšenie konkurenčnej schopnosti slovenskej ekonomiky  |b bakalárska práca  |c Zuzana Repelová ; škol. Vieroslava Holková 
264 1 |a Bratislava  |c 2009 
300 |a 37 s. 
100 1 |a Repelová, Zuzana 
700 1 |a Holková, Vieroslava 
710 2 |a Národohospodárska fakulta EU. Katedra hospodárskej politiky